Rankings of economics departments in Malaysia /
Saved in:
| Main Author: | |
|---|---|
| Format: | Thesis Book |
| Language: | English |
| Published: |
2006.
|
| Subjects: | |
| Tags: |
Add Tag
No Tags, Be the first to tag this record!
|
| LEADER | 00938cam a2200253 a 4500 | ||
|---|---|---|---|
| 001 | u729041 | ||
| 003 | SIRSI | ||
| 005 | 200610120804 | ||
| 008 | 061012s2006 my a t 000 0 eng m | ||
| 040 | |a UMM |d UME | ||
| 043 | |a a-my--- | ||
| 090 | |a HB71 |b UM 2006 Leo | ||
| 099 | |a HB71 |b UM 2006 Leo | ||
| 100 | 1 | 0 | |a Leong, Cheng Wai. |
| 245 | 1 | 0 | |a Rankings of economics departments in Malaysia / |c Leong Cheng Wai. |
| 260 | |c 2006. | ||
| 300 | |a v, 74 leaves : |b ill. ; |c 30 cm. | ||
| 502 | |a Dissertation (M.Ec.) -- Fakulti Ekonomi dan Pentadbiran, Universiti Malaya, 2006. | ||
| 504 | |a Bibliography: leaves 51-52. | ||
| 650 | 0 | |a Educational accountability |z Malaysia. | |
| 650 | 0 | |a Universities and colleges |x Ratings and rankings |z Malaysia. | |
| 710 | 2 | 0 | |a Universiti Malaya. |b Fakulti Ekonomi dan Pentadbiran. |
| 596 | |a 1 | ||
| 999 | |a HB71 UM 2006 LEO |w LC |c 1 |i A512817446 |d 5/9/2019 |e 21/2/2019 |f 16/2/2007 |g 1 |l STACKS |m P01UTAMA |n 2 |r Y |s Y |t TESIS |u 16/2/2007 | ||
